Transformers issues (IDW) Quiz Stats

 Plays Quiz not verified by Sporcle

Challenge
Share
Tweet
Embed
Score 0/218 Timer 20:00
0 Plays Today
Issue Titles Issue Titles % Correct
Lost LightThe Plotters' Club (Part 1): Full Circle
95.7%
Lost LightAfter Megatron (a Dissolution Epilogue)
95.7%
Lost LightDissolution Part 6: This Machine Kills Fascists
95.7%
Windblade, Vol. 2Windblade issue 4
93.4%
Windblade, Vol. 2Windblade issue 6
93.4%
SpotlightSpotlight: Megatron
93.4%
Lost LightThe Plotters' Club (Part 3): Journey's End
91.3%
Lost LightThe Plotters' Club (Part 2): Filling in the Blanks
91.3%
Lost LightChasing the Infinite
91.3%
Lost LightAn Axe to Break the Ice
91.3%
Lost LightDissolution Part 4: Bad Moon Rising
91.3%
Lost LightDissolution Part 2: Anomie
91.3%
Lost LightDissolution Part 1: Some Other Cybertron
91.3%
More Than Meets The Eye (Final issues)The Dying of the Light, Part 5: Rage, Rage
88%
Till All Are OneHeavy
87%
Lost LightDissolution Part 5: Modes of Production
87%
Lost LightDissolution Part 3: A World Misplaced
87%
Optimus PrimePrimeless, Part 2
87%
Optimus PrimePrimeless, Part 1
87%
Optimus PrimeOrigin Myths
87%
Optimus PrimeThe Life of Sideswipe
87%
Optimus PrimeWhat It's Really Like
87%
Optimus PrimeNew Cybertron, Part 2: A Lonely Pillar on the Plain
87%
Optimus PrimeNew Cybertron, Part 1: To Walk Among the Chosen
87%
Misc.Ghost Stories
87%
More Than Meets The Eye (Final issues)The Dying of the Light, Part 6: Do Not Go Gentle
86%
More Than Meets The Eye (1-25)Liars, A to D Part 1: How to Say Goodbye and Mean It
83.6%
Till All Are OneThe Line Between Us
82.6%
Till All Are OneIf I Know You
82.6%
Till All Are OneThe Price of You
82.6%
Till All Are OneRubicon
82.6%
Till All Are OneDesperate Measures
82.6%
Till All Are OneDesperate Times
82.6%
Till All Are OnePing
82.6%
Misc.Salvation
82.6%
Optimus PrimeThe Next Day, and the Next
82.6%
Optimus PrimeNew Cybertron, Part 3: Behind My Bleeding Back
82.6%
Revolution(aries)When Eagles Scream
82.6%
Revolution(aries)The Secret of the Mummy's Tomb
82.6%
Revolution(aries)Nothing Will Ever Be the Same Again!
82.6%
Revolution(aries)Thundercracker & Buster Save the World
82.6%
Revolution(aries)Valley Forge
82.6%
Revolution(aries)The New Colossus
82.6%
Revolution(aries)Concord Hymn
82.6%
More Than Meets The Eye (1-25)Little Victories
80.3%
MonstrosityRage
80.3%
More Than Meets The Eye (Final issues)Last Light
80%
More Than Meets The Eye (Final issues)The Dying of the Light, Part 4: At Close of Day
80%
More Than Meets The Eye (Final issues)The Dying of the Light, Part 3: Your Fierce Tears
80%
More Than Meets The Eye (1-25)Liars, A to D Part 2: Hangers On
78.7%
More Than Meets The Eye (1-25)Scavengers (Part 2): Who's Afraid of the DJD?
78.7%
More Than Meets The Eye (1-25)Under Cold Blue Stars
78.7%
More Than Meets The Eye (26-50)slaughterhouse
78.7%
Optimus PrimeNew Cybertron, End: Feel Safe Without Regrets
78.3%
Misc.The Transformers Holiday Special
78.3%
Revolution(aries)Ghost in the Machine
78.3%
Revolution(aries)Power and Glory
78.3%
Revolution(aries)Strange Visitors
78.3%
Revolution(aries)The Iron Klaw
78.3%
Revolution(aries)Enter the Shadow
78.3%
Revolution(aries)Crisis Intervention
78.3%
Revolution(aries)Secret Raiders
78.3%
More Than Meets The Eye (Final issues)The Dying of the Light, Part 2: The Sun in Flight
78%
More Than Meets The Eye (1-25)Liars, A to D Part 3: The Chaos of Warm Things
77%
More Than Meets The Eye (1-25)Interiors
77%
More Than Meets The Eye (1-25)How Ratchet Got His Hands Back
77%
More Than Meets The Eye (1-25)Life After the Big Bang
77%
More Than Meets The Eye (1-25)Shadowplay (Conclusion): An Intimate Beheading
77%
More Than Meets The Eye (1-25)The Gloaming
77%
More Than Meets The Eye (26-50)Speak, Memory: Part 1
77%
More Than Meets The Eye (26-50)Speak, Memory: Part 2
77%
More Than Meets The Eye (26-50)The Dying of the Light, Part 1: How Bright Their Frail Deeds
76%
More Than Meets The Eye (1-25)Cybertronian Homesick Blues/Signal to Noise
75.4%
Issue Titles Issue Titles % Correct
More Than Meets The Eye (1-25)Shadowplay, Part 1: Post Hoc
75.4%
More Than Meets The Eye (1-25)Scavengers (Part 1): Rules of Disengagement
75.4%
More Than Meets The Eye (1-25)Remain in Light 1 of 5: The Fecund Moon
75.4%
More Than Meets The Eye (1-25)Rememberance Day
75.4%
More Than Meets The Eye (26-50)Some Of My Best Friends Are Autobots
75.4%
Misc.The Chosen One
73.9%
Revolution(aries)O Ship of State
73.9%
Revolution(aries)The Divine Source of Liberty
73.9%
More Than Meets The Eye (1-25)Before & After
73.8%
More Than Meets The Eye (1-25)Shadowplay, Part 2: Patternism
73.8%
More Than Meets The Eye (1-25)Remain in Light 5 of 5: This Calamitous Life/The Sound of Breaking Glass
73.8%
More Than Meets The Eye (1-25)Remain in Light 4 of 5: Arm the Lonely
73.8%
More Than Meets The Eye (1-25)Remain in Light 2 of 5: House of Ambus
73.8%
More Than Meets The Eye (26-50)slaughterhouse Part 2: The Road Not Taken
73.8%
More Than Meets The Eye (Final issues)Ten to Midnight
73.8%
More Than Meets The Eye (26-50)Animals
73.8%
More Than Meets The Eye (1-25)Remain in Light 3 of 5: The Divided Self
72.1%
More Than Meets The Eye (1-25)Into the Abyss: Dark Cybertron Chapter 4
72.1%
More Than Meets The Eye (1-25)No Exit: Dark Cybertron Chapter 6
72.1%
More Than Meets The Eye (26-50)World, Shut Your Mouth Part 1: Towards Peace
72.1%
More Than Meets The Eye (26-50)Twenty Plus One
72.1%
More Than Meets The Eye (26-50)World, Shut Your Mouth Part 2: Words Hang in the Air
72.1%
More Than Meets The Eye (1-25)Black Metal: Dark Cybertron Chapter 2
72.1%
More Than Meets The Eye (26-50)World, Shut Your Mouth Part 3: Predestination: A Beginner's Guide
70.5%
More Than Meets The Eye (26-50)The One Where They Go to Earth
70.5%
More Than Meets The Eye (26-50)The Not Knowing
70.5%
Optimus PrimeNew Cybertron, Part 5: Future Glories Lost
69.6%
Revolution(aries)Informed
69.6%
More Than Meets The Eye (26-50)The Becoming: Dark Cybertron Chapter 10
68.9%
More Than Meets The Eye (26-50)Elegant Chaos Part 2: Stet
68.9%
More Than Meets The Eye (26-50)Elegant Chaos Part 3: Predestination: An Expert's Guide
68.9%
More Than Meets The Eye (26-50)The Lopsided Triangle
68.9%
More Than Meets The Eye (26-50)The Custom-Made Now - An Elegant Chaos Prologue
67.2%
More Than Meets The Eye (26-50)The Permanent Revolution
67.2%
More Than Meets The Eye (26-50)Our Steps Will Always Rhyme
67.2%
More Than Meets The Eye (26-50)The Sensuous Frame
67.2%
More Than Meets The Eye (26-50)The Frail Gaze
67.2%
More Than Meets The Eye (26-50)Burning Bright: Dark Cybertron Chapter 8
67.2%
More Than Meets The Eye (26-50)Births, Deaths, and Interventions
67.2%
More Than Meets The Eye (26-50)Elegant Chaos Part 1: All Our Parlous Yesterdays
63.9%
Misc.Primus: You, Me, and Other Revelations
63.8%
Robots in Disguise (1-25)Devisive
60.7%
Robots in Disguise (1-25)Shockwaves
60.7%
Robots in Disguise (1-25)The Autonomy Lesson
59%
Robots in Disguise (1-25)The World & Everything in It
59%
Robots in Disguise (1-25)Stick Together
59%
Robots in Disguise (1-25)Syndromica (1)
59%
Robots in Disguise (1-25)Interference Patterns
59%
Robots in Disguise (1-25)Dinobot Hunt
59%
Robots in Disguise (1-25)Night and the City
59%
Robots in Disguise (1-25)Syndromica (2)
59%
Robots in Disguise (1-25)The End of the Beginning of the World
59%
Robots in Disguise (1-25)City on Fire
59%
Robots in Disguise (1-25)The Verge
59%
Robots in Disguise (1-25)Before the Dawn
59%
Robots in Disguise (1-25)Plan for Everything
59%
Robots in Disguise (1-25)Heavy Is the Head
59%
Robots in Disguise (1-25)Homecoming
59%
Robots in Disguise (1-25)Second Exodus
59%
Robots in Disguise (1-25)Three Monologues
59%
Robots in Disguise (1-25)Shockpoint
59%
Robots in Disguise (1-25)Soundwaves
59%
Robots in Disguise (1-25)The Dead Are Not Enough: Dark Cybertron Chapter 7
59%
Misc.Primus: All Good Things
58.6%
Robots in Disguise (Final issues)White Heat
58%
Robots in Disguise (Final issues)White Light
58%
Robots in Disguise (1-25)A Better Tomorrow
57.4%
Robots in Disguise (26-50)The World of Tomorrow
57.4%
Robots in Disguise (1-25)Winners & Losers: Dark Cybertron Chapter 3
57.4%
Robots in Disguise (26-50)Finis Temporis: Dark Cybertron Chapter 9
57.4%
Robots in Disguise (26-50)The Crucible
57.4%
Robots in Disguise (26-50)Combiner Wars, Part 4: You, Me, and the Universe
57.4%
Robots in Disguise (26-50)Conquerors Part 4: Perihelion
57.4%
Issue Titles Issue Titles % Correct
Robots in Disguise (26-50)All Hail Optimus Part 1: Once Upon a Time on Earth
57.4%
Optimus PrimeNew Cybertron, Part 4: Dance Among the Shadows
56.5%
Robots in Disguise (Final issues)All Hail Optimus Part 6: No Fair Fights
56%
Robots in Disguise (Final issues)All Hail Optimus Part 5: As Above...So Below
56%
Robots in Disguise (Final issues)All Hail Optimus Part 4: It's Beginning To and Back Again
56%
Robots in Disguise (Final issues)All Hail Optimus Part 3: The Medium and the Message
56%
Till All Are One07:00:00
56%
Robots in Disguise (26-50)Earthfall Chapter 5: I Dream of Wires
55.7%
Robots in Disguise (1-25)Finest Hour: Dark Cybertron Chapter 5
55.7%
Robots in Disguise (26-50)Black Planet: Dark Cybertron Chapter 11
55.7%
Robots in Disguise (26-50)Earthfall Part 1: Hello Cruel World
55.7%
Robots in Disguise (26-50)Earthfall Part 2: Detonation Boulevard
55.7%
Robots in Disguise (26-50)Earthfall Chapter 3: The Mind Bomb
55.7%
Robots in Disguise (26-50)Earthfall Chapter 4: Full Fathom Five
55.7%
Robots in Disguise (26-50)Onyx Interface Part One: Signals, Calls, and Marches
55.7%
Robots in Disguise (26-50)Onyx Interface Part Two: Vs.
55.7%
Robots in Disguise (26-50)Onyx Interface Part Three: ONoffON
55.7%
Robots in Disguise (26-50)The Onyx Interface Conclusion: The Obliterati
55.7%
Robots in Disguise (26-50)Combiner Wars, Opening Salvo: First Contact
55.7%
Robots in Disguise (26-50)Combiner Wars, Part 2: The Possible Light
55.7%
Robots in Disguise (26-50)Combiner Wars, Epilogue: Now and On Earth
55.7%
Misc.The Death of Optimus Prime
55.7%
Misc....And the Damage Done: Dark Cybertron Finale
55.7%
Misc.Dark Dawn: Dark Cybertron Chapter 1
55.7%
Robots in Disguise (26-50)South of Heaven
55.7%
Robots in Disguise (26-50)The Transgressors
55.7%
Robots in Disguise (26-50)The Nothing Man
55.7%
Robots in Disguise (26-50)Conquerors Part 2: Lagrange
55.7%
SpotlightTrailcutter: The Reluctant Specialist
55.7%
SpotlightBumblebee: The Question
55.7%
AutocracyLaw and Disorder
54.1%
AutocracyParasites
54.1%
MonstrosityDerelicts
54.1%
MonstrosityAnnihilation
54.1%
Robots in Disguise (26-50)Conquerors Part 1: Aphelion
54.1%
SpotlightHoist: The Waiting Game
54.1%
SpotlightThundercracker: The Hunting Party
54.1%
SpotlightOrion Pax: Omega's Conundrum
54.1%
Robots in Disguise (Final issues)All Hail Optimus Part 2: Edge of the Earth
54%
AutocracyThe Hunt for Soundwave
52.5%
AutocracyChoices
52.5%
AutocracyCause and Effect
52.5%
AutocracyEndgame
52.5%
AutocracyBroadcast
52.5%
MonstrosityWreckage
52.5%
MonstrosityFaces of Darkness
52.5%
MonstrosityBelly of the Beast
52.5%
Misc.Redemption
52%
AutocracyRuins
50.8%
AutocracyPurge
50.8%
AutocracyRise
50.8%
AutocracyOverthrown
50.8%
AutocracyTransformation
50.8%
MonstrosityFallout
50.8%
MonstrosityUnderworld
50.8%
MonstrosityUnleashed
50.8%
MonstrosityThe Illusion of Control
50.8%
Misc.Primacy
50.8%
Misc.Punishment
50.8%
Misc.Combiner Hunters
50.8%
Robots in Disguise (26-50)Conquerors Part 3: Helden
50.8%
Windblade, Vol. 2Combiner Wars, Part 1: The Sum and Its Parts
50.8%
Windblade, Vol. 2Combiner Wars, Part 3: Mistakes and Mayhem
50.8%
Windblade, Vol. 2Combiner Wars, Part 5: All That Remains
50.8%
Windblade, Vol. 2Race Against the Light
50.8%
Windblade, Vol. 2The Will of the Few
50.8%
Till All Are OneYour First Mistake
50%
Till All Are OneThings We Said We'd Never Do
50%
Till All Are OneApplicable Skills
50%
MonstrosityPrey
49.2%
Misc.Titans Return: The Last Autobot
49.2%
MonstrosityMassacre
47.5%

You're not logged in!

Compare scores with friends on all Sporcle quizzes.
Join for Free
OR
Log In

You Might Also Like...

Show Comments

Extras

Top Quizzes Today


Score Distribution

Your Account Isn't Verified!

In order to create a playlist on Sporcle, you need to verify the email address you used during registration. Go to your Sporcle Settings to finish the process.

Report this User

Report this user for behavior that violates our Community Guidelines.

Details: